| 000 | 00481nam a22001697a 4500 | ||
|---|---|---|---|
| 008 | 230316b |||||||| |||| 00| 0 eng d | ||
| 020 | _a978-0357371596 | ||
| 050 |
_aBF121 _b.C66 2022 |
||
| 100 | _aCoon, Dennis | ||
| 245 |
_aPsychology : _b Modules for active learning/ _cDennis Coon, John Mitterer & Tanya Martini |
||
| 250 | _a15 ed. | ||
| 260 |
_aBoston _bCengage _c2022 |
||
| 300 | _axxxii, 688p. | ||
| 700 | _aMitterer, John | ||
| 700 | _aMartini, Tanya | ||
| 942 |
_2lcc _cBK |
||
| 999 |
_c20067 _d20066 |
||